00449nam a22001577a 450000500170000000800410001708200230005810000200008124500850010125000090018626000500019530000120024565000140025765000080027165000120027920240227005953.0240227b |||||||| |||| 00| 0 eng d 222a323.334.bDEP. aAkhter, Farida. aDepopulating Bangladesh :bEssays on the politics of Fertility /cFarida Akhter. a1st. aBangladesh :bNarigrantha Prabartana /c1992. a105 p., aPolitics. aLaw aHistory